Представление документа в формате MARC21

Поле Инд. ПП Название Значение
Тип записи a
Библиографический уровень m
001 Контрольный номер 18663762-5a88-4086-bd48-9c70c8ab136b
005 Дата корректировки 20131112082038.2
008 Кодируемые данные 021206
020 a ISBN 5-8183-0189-3
c Цена, тираж 92.40
040 a Служба первич. каталог. НБ ТвГУ
041 a Код языка текста rus
080 a Индекс УДК 32.001(075.8)
a Индекс УДК 32.001(075.32)
084 a Индекс другой классификации/Индекс ББК Ф0я731-1
a Индекс другой классификации/Индекс ББК Ф0я723-1
090 a Полочн. индекс Ф0
x Авторский знак Т13
100 1_ a Автор Тавадов Гамлет Темирович
245 10 a Заглавие Политология
b Продолж. заглавия учеб. пособие
c Ответственность Г. Т. Тавадов
260 0_ a Место издания Москва
b Издательство ФАИР-Пресс
c Дата издания 2001
300 a Объем 415, [1] с.
504 a Библиография Библиогр. в конце тем.
583 a Действие Получение впервые 488 04.12.2002
k Исполнитель действия ЧП Виноградова Г.А.
650 a Основная рубрика Политология
x Основная подрубрика Учебники для вузов
653 a Ключевые слова Политологическая наука
a Ключевые слова Политология
852 t Порядковый номер экземпляра 18
p Инвентарный номер 758224
p Инвентарный номер 758225
p Инвентарный номер 758226
p Инвентарный номер 758227
p Инвентарный номер 758228
p Инвентарный номер 758229
p Инвентарный номер 758230
p Инвентарный номер 758231
p Инвентарный номер 758233
p Инвентарный номер 758234
p Инвентарный номер 758235
p Инвентарный номер 758236
p Инвентарный номер 758237
p Инвентарный номер 758238
p Инвентарный номер 758239
p Инвентарный номер 758240
p Инвентарный номер 758242
p Инвентарный номер 758243
863 t 00079961
863 t 00079962
863 t 00079963
863 t 00079964
863 t 00058516
863 t 00079965
863 t 00036368
863 t 00079968
863 t 00079971
863 t 00079972
863 t 00079973
863 t 00059950
863 t 00079974
863 t 00079975
863 t 00079976
888 a За счет средств университета
930 a Новая/Ретро учебники
952 p 488.2002 92.40 1 758224
p 488.2002 92.40 1 758225
p 488.2002 92.40 1 758226
p 488.2002 92.40 1 758227
p 488.2002 92.40 1 758228
p 488.2002 92.40 1 758229
p 488.2002 92.40 1 758230
p 488.2002 92.40 1 758231
p 488.2002 92.40 1 758232
p 488.2002 92.40 1 758233
p 488.2002 92.40 1 758234
p 488.2002 92.40 1 758235
p 488.2002 92.40 1 758236
p 488.2002 92.40 1 758237
p 488.2002 92.40 1 758238
p 488.2002 92.40 1 758239
p 488.2002 92.40 1 758240
p 488.2002 92.40 1 758241
p 488.2002 92.40 1 758242
p 488.2002 92.40 1 758243
c Вид литературы К ру
954 a Дата поступления на обработку 20021215
999 a Подразделение 2 Фил1